| 000 | 00487nam a2200169 4500 | ||
|---|---|---|---|
| 001 | 137220 | ||
| 003 | ES-MaACL | ||
| 005 | 20230906195331.0 | ||
| 007 | t| | ||
| 008 | 070214s1914 fr r ||||1| fre d | ||
| 100 | 1 |
_aSamain, Albert Victor. _9102151 |
|
| 245 | 1 | 0 |
_aAu jardin de l'infante _b: augmenté de plusieurs poèmes / _cAlbert Victor Samain. |
| 250 | _a40ª. ed. | ||
| 260 |
_aParis : _bMercure de France, _c1914. |
||
| 300 |
_a248 p. ; _c18 cm. |
||
| 852 |
_aES-MaACL _jD-5145 |
||
| 999 |
_c137220 _d137220 |
||